01099 2200205 4500001002100000005001500021035002000036008004100056245007300097100001400170250000600184260004000190300003100230020002200261084001400283520056200297082000800859650001400867990001200881INLIS00000000000005520240502102947 a0010-0424000031240502 0 ind 1 aMencintai Suami Jangan Setengah Hati /cDr. Najib Binti Ahmad Zhahir aDr. Najib a1 aSolo :bAs- Salam Publishing,c2016 a178 hlm ;c14 cm x 20.5 cm a978-602-9684-56-8 a200 NAJ m aIstri shalihah adalah istri yang begitu perhatian kepada suami. Ia sangat variatif dan pintar dalam berdandan dan tampil anggun untuk menarik hati sang suami. Bila ia berucap, ia begitu lembut nan syahdu melantunkan kata-kata manis. Istri Shalihah adalah istri yang bisa menjadi mitra hidup seorang suami, bukan rival saingannya. Ia menjadi penolong suami dalam berbuat kebaikan dan takwa. Bila sang suami memandangnya, akan terpancar rona kesenangan dan kecintaan. Tentu, manakala profil para istri seperti itu, pasti akan bikin suami-suami betah di rumah. a200 4aNon Fiksi a0737326